000 00661nam a22001937a 4500
005 20100805150654.0
010 _aENG-98293
020 _a9788190745956
_c95.00
035 _aEN-81826
037 _bDBAD/PUB
082 _a516.3
100 _aJohn, B. Stephen
_97036
245 _aAnalytical geometry of 3.D and vector diffrentiation /
_cby John, B. Stephen
260 _aMangarai
_bIdeal Publication
_c2008
270 _aRuby Garden
300 _a314p.
_c22cm (pbk)
942 _2ddc
_cEN
_h516.3
_mJOH
999 _c39509
_d39509